| 000 | 00646nam a2200241 a 4500 | ||
|---|---|---|---|
| 001 | 0001-0969 | ||
| 003 | ELIB.Books | ||
| 008 | 140917 2010 eng | ||
| 020 | _a0817012486 | ||
| 035 | _a(ELIB.Books)0001-1123 | ||
| 092 |
_a253.2 _bPro |
||
| 100 | _aProctor, Samuel D. | ||
| 245 |
_aWe Have This Ministry: _bThe Heart of the Pastor's Vocation |
||
| 260 |
_aValley Forge _bJudson Press _c1996 |
||
| 300 |
_a136 _c21.5 Cm |
||
| 500 | _aDr. Yahalaylayla | ||
| 650 | _aPastoral Theology | ||
| 856 |
_nKBTS; Library _uKBTS; Elib. |
||
| 942 |
_2ddc _cBK |
||
| 990 | _a1 | ||
| 998 |
_cbat _e2014-09-17 |
||
| 999 |
_c10969 _d10969 |
||